Narraciones de lo infinito (Record no. 150817)

MARC details
000 -LEADER
campo de control de longitud fija 00888nam a2200229 i 4500
001 - NÚMERO DE CONTROL
campo de control 150817
003 - IDENTIFICADOR DE NÚMERO DE CONTROL
campo de control ES-MaACL
005 - FECHA Y HORA DE LA ÚLTIMA TRANSACCIÓN
campo de control 20250721143721.0
007 - CAMPO FIJO DE DESCRIPCIÓN FÍSICA--INFORMACIÓN GENERAL
campo de control de longitud fija t|
008 - DATOS DE LONGITUD FIJA--INFORMACIÓN GENERAL
campo de control de longitud fija 071113s1869 fr a |||| | fre d
100 1# - ENTRADA PRINCIPAL--NOMBRE DE PERSONA
Nombre de persona Flammarion, Camille,
Fechas asociadas al nombre 1842-1925
9 (RLIN) 51110
245 10 - MENCIÓN DEL TÍTULO
Título Narraciones de lo infinito
Resto del título : historia de un cometa : la vida universal y eterna /
Mención de responsabilidad, etc. por Camilo Flammarion ; traducida de la sexta edición francesa por A. López Llasera.
260 ## - PUBLICACIÓN, DISTRIBUCIÓN, ETC.
Lugar de publicación, distribución, etc. Barcelona :
Nombre del editor, distribuidor, etc. Jané Hermanos,
Fecha de publicación, distribución, etc. [1869?]
300 ## - DESCRIPCIÓN FÍSICA
Extensión 53 p. :
Otras características físicas il. ;
Dimensiones 27 cm.
490 1# - MENCIÓN DE SERIE
Mención de serie Biblioteca científica ilustrada de Jané Hermanos
500 ## - NOTA GENERAL
Nota general Fecha en prelim.: 1869.
700 1# - ENTRADA AGREGADA--NOMBRE PERSONAL
Nombre de persona López Llasera, A.
9 (RLIN) 73729
830 0# - PUNTO DE ACCESO ADICIONAL DE SERIE-TÍTULO UNIFORME
Título uniforme Biblioteca científica ilustrada de Jané Hermanos
9 (RLIN) 221172
852 ## - LOCALIZACIÓN
Ubicación ES-MaACL
Número de control de estantería Fol-Laf-32
Donativo/Legado Legado: M. de la Fuente
942 ## - ELEMENTOS DE ENTRADA SECUNDARIOS (KOHA)
Fuente del sistema de clasificación o colocación Clasificación decimal universal
Holdings
Estatus retirado Estado de pérdida Estado de daño No para préstamo Colección Biblioteca de origen Biblioteca actual Ubicación en estantería Fecha de adquisición Fuente de adquisición Total de préstamos Signatura topográfica completa Código de barras Visto por última vez Precio de reemplazo Tipo de ítem Koha
        Colección de folletos Biblioteca del Ateneo de Madrid Biblioteca del Ateneo de Madrid Depósito folletos 17/01/2008     Fol-Laf-32 1157369 23/02/2023 23/02/2023 Folleto